15 principaux pays touchés par Covid-19 - 3 octobre - Statistiques

Statistiques générales
  • Ce quiz a été pris 48 fois
  • Le résultat moyen est 9 sur 24
Statistiques - réponses
pays % Correct
Etats-Unis
97%
France
95%
Espagne
84%
Inde
82%
Brésil
74%
Russie
74%
Royaume-Uni
63%
Mexique
55%
Argentine
45%
Colombie
37%
Afrique du Sud
32%
Iran
32%
Pérou
32%
Chili
26%
Chili
26%
Irak
13%
Israël
13%
Panama
13%
Costa Rica
11%
Oman
11%
Arménie
8%
Qatar
8%
Bahreïn
5%
Koweït
5%
Aucun quiz correspondant
Distribution des résultats
% des personnes avec chaque résultat
Percentile par nombre de réponses
Votre historique - résultats
Vous n’avez pas pris ce quiz